GETS Theological Seminary Library

漫长的人生归途 : (Record no. 18929)

MARC details
000 -LEADER
fixed length control field 00831nam a2200241Ia 4500
008 - FIXED-LENGTH DATA ELEMENTS--GENERAL INFORMATION
fixed length control field 200825s9999||||xx |||||||||||||| ||und||
020 ## - INTERNATIONAL STANDARD BOOK NUMBER
International Standard Book Number 7511706991
020 ## - INTERNATIONAL STANDARD BOOK NUMBER
International Standard Book Number 9787511706997
041 ## - LANGUAGE CODE
Language code of text/sound track or separate title chi
Language code of original eng
050 ## - LIBRARY OF CONGRESS CALL NUMBER
Classification number B105.M4
Item number .G82 2010
100 ## - MAIN ENTRY--PERSONAL NAME
Personal name Guinnes , Os
245 #0 - TITLE STATEMENT
Title 漫长的人生归途 :
Remainder of title 探索人生的意义 = Long journey home /
Statement of responsibility, etc. 葛尼斯 (Os Guinness ) 著; 吴品译
246 ## - VARYING FORM OF TITLE
Title proper/short title 漫長的人生歸途 :
Remainder of title 探索人生的意義/
260 ## - PUBLICATION, DISTRIBUTION, ETC.
Place of publication, distribution, etc. 北京 :
Name of publisher, distributor, etc. 中央编译出版社,
Date of publication, distribution, etc. 2011
300 ## - PHYSICAL DESCRIPTION
Extent 247 p.
Other physical details ;
Dimensions 21 cm.
500 ## - GENERAL NOTE
General note Translation of: Long journey home : a guide to your search for the meaning of life.
650 ## - SUBJECT ADDED ENTRY--TOPICAL TERM
Topical term or geographic name entry element Christian life.
650 ## - SUBJECT ADDED ENTRY--TOPICAL TERM
Topical term or geographic name entry element Life Religious aspects.
650 ## - SUBJECT ADDED ENTRY--TOPICAL TERM
Topical term or geographic name entry element Meaning (Philosophy) Religious aspects.
700 ## - ADDED ENTRY--PERSONAL NAME
Personal name 吴品
700 ## - ADDED ENTRY--PERSONAL NAME
Personal name 葛尼斯
Holdings
Withdrawn status Lost status Source of classification or shelving scheme Damaged status Not for loan Home library Current library Shelving location Date acquired Total Checkouts Full call number Barcode Date last seen Price effective from Koha item type
    Library of Congress Classification     GETS Theological Seminary Library GETS Theological Seminary Library General Stacks 08/25/2020   B105.M4 .G82 2011 00006290 08/25/2020 08/25/2020 Chinese Book
OpacCredits

Contact the Librarian, GETS Library
Email: library@mygets.org









Implemented by GETS Library
(Powered by ETCA Professional Group)
GETS Theological Seminary
412 E. Rowland Street, CA 91723